[Event "Let's Play Chess!"]
[Site "http://www.queenalice.com/game.php?id=422953"]
[Date "2008.6.25"]
[Round "-"]
[White "thor"]
[Black "boyax"]
[Result "0-1"]
[WhiteElo "1326"]
[BlackElo "1497"]

1. e4 c5 2. Nf3 Nc6 3. d3 f6 4. Be2 e5 5. Bd2 Nge7 6. c4 d6 7. Nc3 Qb6 8. Qa4
Qxb2 9. g3 Qxa1+ 10. Bc1 Qxc1+ 0-1

[Event "Let's Play Chess!"]
[Site "http://www.queenalice.com/game.php?id=423016"]
[Date "2008.6.25"]
[Round "-"]
[White "ludy"]
[Black "boyax"]
[Result "0-1"]
[WhiteElo "1715"]
[BlackElo "1795"]

1. e4 d5 2. Nf3 Bg4 3. Nc3 Bxf3 4. gxf3 dxe4 5. fxe4 Nf6 6. d4 c5 7. dxc5 Qxd1+
8. Nxd1 Nxe4 9. Ne3 Nxc5 10. Rg1 Nc6 11. c3 Rd8 12. Bd2 g6 13. Rg3 Bh6 14. h4
Ne5 15. Bg2 f6 16. Rc1 Kf7 17. a3 Ned3+ 18. Kf1 Nxc1 19. Ng4 Bxd2 20. Ne3 Bxe3
21. Rxe3 Rd6 22. b4 Rhd8 23. bxc5 Rd2 24. Rf3 Rd1# 0-1

[Event "Let's Play Chess!"]
[Site "http://www.queenalice.com/game.php?id=423017"]
[Date "2008.6.25"]
[Round "-"]
[White "spawnwolfwolverine"]
[Black "boyax"]
[Result "1-0"]
[WhiteElo "1690"]
[BlackElo "1932"]

1. c4 c5 2. d3 Nc6 3. e4 d6 4. Nf3 g6 5. Be2 Bg7 6. O-O Bg4 7. Nc3 Nf6 8. a3 h5
9. h3 Bxf3 10. Bxf3 e6 11. Bg5 Bh6 12. Bxh6 Rxh6 13. Rb1 g5 14. b4 1-0

[Event "Let's Play Chess!"]
[Site "http://www.queenalice.com/game.php?id=423047"]
[Date "2008.6.25"]
[Round "-"]
[White "boyax"]
[Black "ludy"]
[Result "1-0"]
[WhiteElo "1874"]
[BlackElo "1715"]

1. e4 c6 2. d4 d5 3. exd5 cxd5 4. c4 Nf6 5. Nc3 g6 6. Qb3 Bg7 7. cxd5 O-O 8.
Nge2 Nbd7 9. g3 Nb6 10. Bg2 Bf5 11. Nf4 Qd7 12. a4 Rac8 13. O-O Rfd8 14. a5 Nc4
15. Rd1 Nd6 16. Nd3 Bxd3 17. Rxd3 Qf5 18. Qd1 Nde4 19. Qe2 Nxc3 20. bxc3 Nxd5
21. Bd2 Qd7 22. Bxd5 Qxd5 23. Qxe7 Re8 24. Qg5 Qb3 25. Re3 Rxe3 26. Qxe3 Qb5 27.
Qe4 Qb2 28. Rd1 b5 29. axb6 Qxb6 30. Rb1 Qa5 31. Qb7 Re8 32. Qb5 Qd8 33. Ra1 Qa8
34. Rxa7 Qxa7 35. Qxe8+ 1-0

[Event "Let's Play Chess!"]
[Site "http://www.queenalice.com/game.php?id=423071"]
[Date "2008.6.25"]
[Round "-"]
[White "kahector"]
[Black "boyax"]
[Result "0-1"]
[WhiteElo "1762"]
[BlackElo "1914"]

1. c4 c6 2. d4 d5 3. cxd5 cxd5 4. Nc3 Nf6 5. Nf3 g6 6. a4 a6 7. e3 Nc6 8. Qb3
Be6 9. Nxd5 Bxd5 10. Be2 Bxb3 0-1

[Event "AUTO-BEG-228"]
[Site "http://www.queenalice.com/game.php?id=423269"]
[Date "2008.6.25"]
[Round "1"]
[White "boyax"]
[Black "bryant_kiri"]
[Result "0-1"]
[WhiteElo "1850"]
[BlackElo "1758"]

1. d4 Nf6 2. c4 d5 3. Nc3 dxc4 4. Qa4+ Nc6 5. Qxc4 Nxd4 6. Qa4+ Nc6 7. e3 g6 8.
Bd2 Bg7 9. Rd1 Bd7 10. Bb5 e5 11. Nge2 O-O 12. e4 a6 13. Bxc6 Bxc6 14. Qb3 Nxe4
15. Nxe4 Bxe4 16. Bb4 Qg5 17. Qg3 Qxg3 18. hxg3 Rfd8 19. f3 Rxd1+ 20. Kxd1 Rd8+
21. Ke1 Bd5 22. b3 e4 23. Rh4 exf3 0-1

[Event "AUTO-BEG-228"]
[Site "http://www.queenalice.com/game.php?id=423270"]
[Date "2008.6.25"]
[Round "1"]
[White "bryant_kiri"]
[Black "boyax"]
[Result "1-0"]
[WhiteElo "1737"]
[BlackElo "1871"]

1. e4 d6 2. Nc3 Nf6 3. d4 a6 4. Nf3 Bg4 5. Be2 g6 6. O-O h5 7. h3 Bxf3 8. Bxf3
Bh6 9. Bxh6 Rxh6 10. Re1 Nbd7 11. Ne2 e5 12. Qd2 Rh7 13. Rad1 exd4 14. Nxd4 Ne5
15. Qg5 Nxf3+ 16. Nxf3 Qe7 17. e5 O-O-O 18. exd6 Qf8 19. Qxf6 Rxd6 20. Rxd6 cxd6
21. Re3 Rh6 22. Re7 g5 23. Qxf7 Rf6 24. Rc7+ 1-0

[Event "AUTO-BEG-228"]
[Site "http://www.queenalice.com/game.php?id=423273"]
[Date "2008.6.25"]
[Round "1"]
[White "boyax"]
[Black "evilgraing"]
[Result "0-1"]
[WhiteElo "1830"]
[BlackElo "1551"]

1. e4 g6 2. d4 Bg7 3. Nf3 d5 4. exd5 Qxd5 5. Nbd2 Bxd4 6. Bc4 Qf5 7. Bxf7+ Qxf7
8. Ne4 Bg7 9. O-O Nh6 10. Re1 O-O 0-1

[Event "Let's Play Chess!"]
[Site "http://www.queenalice.com/game.php?id=424076"]
[Date "2008.6.27"]
[Round "-"]
[White "thor"]
[Black "boyax"]
[Result "0-1"]
[WhiteElo "1326"]
[BlackElo "1980"]

1. e4 c5 2. Nf3 Nc6 3. Be2 Nf6 4. O-O d5 5. exd5 Nxd5 6. Nc3 Nxc3 7. bxc3 g6 8.
Bb2 Bg4 9. Ne5 Nxe5 10. Re1 Bxe2 11. Rxe2 Bg7 12. Qe1 Qd6 13. g3 Nf3+ 0-1